Top 20 Tourist Attractions of Japan - Statistics

General Stats
  • This quiz has been taken 44 times
  • The average score is 4 of 20
Answer Stats
Ranking Prefecture Attraction % Correct
19 Kyoto Golden Pavilion
55%
4 Chiba Tokyo Disneysea
47%
13 Kyoto Kiyomizu Temple
45%
16 Multiple Mount Fuji
39%
12 Hyogo Himeji Castle
37%
2 Hiroshima Hiroshima Peace Memorial Museum
32%
11 Tokyo Sensoji Temple
32%
1 Hiroshima Miyajima
29%
6 Kyoto Fushimi Inari Shrine
26%
3 Nagano Matsumoto Castle
26%
17 Nara Todaiji Temple
21%
7 Nagano Jigokudani Snow Monkey Park
16%
8 Ishikawa Kenrokuen Garden
8%
15 Tokyo Meiji Jingu
8%
18 Kyoto Monkey Park Iwatayama
0%
5 Okinawa Okinawa Chiraumi Aquarium
0%
20 Osaka Osaka Aquarium Kaiyukan
0%
9 Tokyo Roppongi Hills
0%
10 Kyoto Sanjusangendo Hall
0%
14 Tokyo Shinjuku Gyoen National Garden
0%
No matching quizzes found
Score Distribution
Percent of People with Each Score
Percentile by Number Answered
Your Score History
You have not taken this quiz